00905nam a2200229 a 450000100060000000300080000600500170001400800410003103500140007204000230008604100080010908200270011724501000014426000770024430000260032150001420034750400410048965100470053070000280057770000210060571000490062637758BD-RjUL20211209052640.0150622s1989 bg b 100 0 eng  a(BD-RjUL) aDLCcDLCdDLCbeng aeng00a327.5492220bISS 198900aIssues and challenges facing Bangladesh foreign policy /cedited by M.G. Kabir, Shaukat Hassan. aDhaka, Bangladesh :bBangladesh Society of International Studies,c1989. axiv, 273 p. ;c22 cm. aBased on the proceedings of the first annual Conference of the Bangladesh Society of International Studies held in Dhaka on Jan. 31, 1989 aIncludes bibliographical references. 0aBangladeshxForeign relationsxCongresses.1 aKabir, Muhammad Ghulam.1 aHassan, Shaukat.2 aBangladesh Society of International Studies.